Movies Quiz

Random Movies or Actor Quiz
Score 0/55 Timer 08:00
4 Plays Today
% Correct
Sylvester Stallone
94.5%
Al Pacino
91.8%
Marlon Brando
91.5%
Russell Crowe
91.2%
Vito Corleone
90%
1939
88.7%
1976
88.6%
Anthony Hopkins
88.4%
Julie Andrews
88.1%
Francis Ford Coppola
87.8%
Dustin Hoffman
87.2%
Maximus Decimus Meridius
87.2%
Elijah Wood
86.6%
Clark Gable
86.5%
Jodie Foster
86.4%
Gollum
86.3%
Maria von Trapp
86.1%
Tom Cruise
86%
Scarlett O'Hara
85.8%
Leonardo DiCaprio
84.2%
1972
84.1%
Clarice Starling
82.9%
Peter Jackson
82.6%
1965
81.7%
1991
81.6%
Vivien Leigh
79.3%
Jack Nicholson
78.7%
Martin Scorsese
78.5%
% Correct
1957
78.2%
2015
77.9%
Joaquin Phoenix
77.7%
2000
77.2%
1988
77%
2006
75.9%
Sean Astin
74.6%
2003
73.3%
Rachel McAdams
73%
Mark Ruffalo
72.2%
Adrian Pennino
72.2%
Ridley Scott
71.3%
Alec Guinness
71%
Christopher Plummer
69.5%
Lieutenant Colonel Nicholson
65.4%
Burgess Meredith
65.2%
Charlie Babbitt
63.5%
Frank Costello
60.2%
William Holden
56%
Barry Levinson
47.8%
Jonathan Demme
47.6%
David Lean
45.2%
Tom McCarthy
44.3%
Michael Rezendes
42.1%
Victor Fleming
40.8%
John G. Avildsen
31.2%
Robert Wise
30.5%
Remove Ads.
Support Sporcle.
Get the best of Sporcle when you Go Orange. This ad-free experience offers more features, more stats, and more fun while also helping to support Sporcle. Thank you for becoming a member.

You're not logged in!

Compare scores with friends on all Sporcle quizzes.
OR
Log In

Show Comments

Extras

Top Quizzes Today


Score Distribution

Your Account Isn't Verified!

In order to create a playlist on Sporcle, you need to verify the email address you used during registration. Go to your Sporcle Settings to finish the process.

Report this User

Report this user for behavior that violates our Community Guidelines.

Details: